00379nam a2200145Ia 4500003000500000005001700005008004100022020001800063040001400081082001200095100003800107245002200145260002900167300003700196322820260603113457.0210818s9999 xx 000 0 und d a9780340734018 aMPLc3228 0aEF DEAV a DEAVER, Jeffery London, 2003  0aThe stone monkey  aLondon:bCoronet,c2003. a511 PagesbIllustrationsc17 cm